00385nam a2200121 a 450000100100000000500170001000800410002704000250006808200090009324500510010226000740015330000360022700002706420200930030559.0110329s1958 dr ac 000 0 spa d aDO-SdBNPbspacBNPHU axxxx00aGran desfile nacional :b16 de agosto de 1958. aCiudad Trujillo, República Dominicana :bEditora del Caribe,c1958. a279 p. :bil., retrs. ;c34 cm.